000 00348nam a2200157Ia 4500
100 _aGirja kumar/ Krishna Kumar
650 _aGeneral
942 _cBK
654 _atheory
245 _aTheory of Cataloguing
260 _bVikas Publishing House
_aNew Delhi
_c1986
082 _a25.31
_bGIR
300 _a384
546 _aENGLISH
999 _c35154
_d35154